| 000 | 00739cab a2200217 4500 | ||
|---|---|---|---|
| 001 | ABS40218 | ||
| 008 | 090401t1989 xxu||||| |||| 00| 0 eng d | ||
| 035 | _a(Sirsi) u22259 | ||
| 041 | _aeng | ||
| 100 | _aPowell-Smith, V. | ||
| 245 | _aHand-in-hand - law and common sense | ||
| 260 | _c1989 | ||
| 350 | _a0 | ||
| 490 |
_aContract Journal _v347(5702) 26 January 1989, 13(1) |
||
| 520 | _aDiscusses the decision in Rush and Tompkins Ltd v Greater London Council (See Abstract 39962) which upholds the need to protect negotiation s genuinely aimed at reaching a settlement. | ||
| 650 | _aCORRESPONDENCE | ||
| 650 | _aWITHOUT PREJUDICE | ||
| 690 | _aBUILT ENVIRONMENT-BUILDING CONTRACT FORMS | ||
| 942 | _n0 | ||
| 948 | _c04/03/1997 | ||
| 999 |
_c14909 _d14909 |
||